| 000 | 00637nam a2200229Ia 4500 | ||
|---|---|---|---|
| 003 | OSt | ||
| 005 | 20220918230513.0 | ||
| 006 | a|||||r|||| 00| 0 | ||
| 007 | ta | ||
| 008 | 220917b |||||||| |||| 00| 0 eng d | ||
| 024 | _a254,898 | ||
| 037 | _cTextual | ||
| 040 |
_aARTS _cARTS _beng |
||
| 041 |
_2eng _aeng |
||
| 082 | _aT4p6:N63, K4 | ||
| 245 | 0 | _aReport of a meeting of heads of African institutions of higher education | |
| 260 |
_aParis _bInternational Association of universities _c1964 |
||
| 300 |
_a106p. _ccm. |
||
| 650 | _aEDUCATION | ||
| 942 |
_hT4p6:N63, K4 _cTEXL _2CC |
||
| 999 |
_c288233 _d288233 |
||